Digital communications with space applications /
Guardado en:
| Autor Principal: | |
|---|---|
| Formato: | Libro |
| Idioma: | English |
| Publicado: |
Englewood Cliffs, N.J. :
Prentice-Hall,
[1964]
|
| Series: | Prentice-Hall international series in electrical engineering. Information theory series
|
| Materias: | |
| Etiquetas: |
Agregar Etiqueta
Sin Etiquetas, Sea el primero en etiquetar este registro!
|
| LEADER | 00919cam a22002291a 4500 | ||
|---|---|---|---|
| 001 | MAT.inmabb005578 | ||
| 008 | 750819s1964####njua#####b####000#0#eng## | ||
| 005 | 20170822150450.0 | ||
| 245 | 1 | 0 | |a Digital communications with space applications / |c edited by Solomon W. Golomb. With contributions by Leonard D. Baumert ... [et al.] |
| 260 | |a Englewood Cliffs, N.J. : |b Prentice-Hall, |c [1964] | ||
| 300 | |a xi, 210 p. : |b il. ; |c 24 cm. | ||
| 490 | 0 | |a Prentice-Hall international series in electrical engineering. Information theory series | |
| 504 | |a Incluye referencias bibliográficas. | ||
| 510 | 4 | |a MR, |c *REVIEW #* | |
| 100 | 1 | |a Golomb, Solomon W. |q (Solomon Wolf) |e ed. | |
| 650 | 0 | |a Telecommunication. | |
| 650 | 0 | |a Electronic digital computers. | |
| 650 | 0 | |a Astronautics |x Communication systems. | |
| 084 | |a 94-XX |2 msc2000 | ||
| 010 | |a 64007570 | ||
| 040 | |a DLC |c F |d OCoLC |d DLC | ||
| 859 | |h 94 |i D574 |p A-2242 |b BIB. MATEMATICA | ||
